000 01248cam a2200361 i 4500
001 016191224
003 EG-ScBUE
005 20260511120857.0
008 130425r20162013enka f b f001 0 eng d
020 _a9781107005488
040 _aStDuBDS
_beng
_erda
_cStDuBDS
_dStEdNL
_dUk
_dEG-ScBUE
041 1 _aeng
_hheb
082 0 4 _a519.3
_222
_bMAS
100 1 _aMaschler, Michael,
_d1927-2008,
_eauthor.
245 1 0 _aGame theory /
_cMichael Maschler, Eilon Solan, Shmuel Zamir ; translated from Hebrew by Ziv Hellman ; English editor Mike Borns.
250 _aFifth printing.
264 1 _aCambridge :
_bCambridge University Press,
_c2016.
300 _axxvi, 979 pages :
_billustrations ;
_c25 cm
336 _2rdacontent
_atext
_btxt
337 _aunmediated
_2rdamedia
_bn
338 _avolume
_bnc
_2rdacarrier
504 _aIncludes bibliographical references and index.
546 _aText in English ; translated from original Hebrew.
650 7 _aGame theory.
_2BUEsh
_93340
651 _2BUEsh
653 _bBUSECO
_cNovember2016
655 _vReading book
700 1 _aSolan, Eilon,
_eauthor.
700 1 _aZamir, Shmuel,
_eauthor.
700 1 _aHellman, Ziv,
_etranslator.
700 1 _aBorns, Mike,
_eeditor.
942 _2ddc
_cBB
999 _c23390
_d23362